[Event "Tambov Region-ch"]
[Site "Tambov"]
[Date "2019.11.02"]
[Round "8"]
[White "Streltsov, Oleg V"]
[Black "Larionov, Sergey A"]
[Result "0-1"]
[WhiteElo "1620"]
[BlackElo "1496"]
[PlyCount "68"]
[EventDate "2019.10.30"]
[EventType "tourn"]
[EventRounds "9"]
[EventCountry "RUS"]
[SourceTitle "CBM 192 Extra"]
[Source "Chessbase"]
[SourceDate "2019.11.06"]
[SourceVersion "1"]
[SourceVersionDate "2019.11.06"]
[SourceQuality "1"]

1. e4 e5 2. Nf3 Nc6 3. d3 d6 4. Be2 Be7 5. Nc3 h6 6. 0-0 Nf6 7. Nd5 Nxd5 8. exd5 Nb8 9. c4 Nd7 10. b3 0-0 11. Bb2 Nf6 12. Nd2 Bf5 13. h3 b6 14. g4 Bh7 15. f3 Rc8 16. Rc1 Nd7 17. b4 Bg5 18. Rb1 Bf4 19. Qe1 h5 20. Ne4 hxg4 21. fxg4 f5 22. Nf2 Qg5 23. Bc1 Be3 24. Bf3 f4 25. Be4 Bxe4 26. dxe4 Qh4 27. Bxe3 Qg3+ 28. Kh1 fxe3 29. Rg1 Qf3+ 30. Rg2 exf2 31. Qf1 Qxh3+ 32. Rh2 Qf3+ 33. Rg2 Rf6 34. g5 Rf4 0-1

[Event "Tambov Region-ch"]
[Site "Tambov"]
[Date "2019.11.01"]
[Round "5"]
[White "Pishchalnikov, Roman A"]
[Black "Larionov, Sergey A"]
[Result "1-0"]
[WhiteElo "1802"]
[BlackElo "1496"]
[PlyCount "67"]
[EventDate "2019.10.30"]
[EventType "tourn"]
[EventRounds "9"]
[EventCountry "RUS"]
[SourceTitle "CBM 192 Extra"]
[Source "Chessbase"]
[SourceDate "2019.11.06"]
[SourceVersion "1"]
[SourceVersionDate "2019.11.06"]
[SourceQuality "1"]

1. d4 d5 2. c4 c6 3. Nf3 Nf6 4. Bf4 Bf5 5. e3 e6 6. Nc3 Be7 7. cxd5 exd5 8. Bd3 Qc8 9. 0-0 0-0 10. Qc2 g6 11. Bxf5 Qxf5 12. Qxf5 gxf5 13. Nh4 Nbd7 14. Nxf5 Rae8 15. Nxe7+ Rxe7 16. Bd6 Ree8 17. Bxf8 Nxf8 18. b4 a6 19. a4 b5 20. axb5 axb5 21. Ra6 Re6 22. Rc1 Ng6 23. Ne2 Ne7 24. Nf4 Rd6 25. Ra7 Kf8 26. Nd3 Nd7 27. Ra8+ Kg7 28. Nc5 Nb6 29. Ra7 Kf8 30. Rb7 Nc4 31. Ra1 Rf6 32. Nd7+ Kg7 33. Nxf6 Kxf6 34. Raa7 1-0

[Event "Tambov Region-ch"]
[Site "Tambov"]
[Date "2019.10.30"]
[Round "1"]
[White "Gorelov, Viktor N"]
[Black "Larionov, Sergey A"]
[Result "1-0"]
[WhiteElo "1814"]
[BlackElo "1496"]
[PlyCount "47"]
[EventDate "2019.10.30"]
[EventType "tourn"]
[EventRounds "9"]
[EventCountry "RUS"]
[SourceTitle "CBM 192 Extra"]
[Source "Chessbase"]
[SourceDate "2019.11.06"]
[SourceVersion "1"]
[SourceVersionDate "2019.11.06"]
[SourceQuality "1"]

1. d4 c6 2. e4 d5 3. Nc3 dxe4 4. Nxe4 Bf5 5. Ng3 Bg6 6. Nf3 h6 7. Bc4 e6 8. 0-0 Nf6 9. Re1 Be7 10. c3 Nbd7 11. Bd3 Bxd3 12. Qxd3 Qa5 13. Bd2 Qc7 14. h3 Rd8 15. Qe2 Nf8 16. Ne5 N8d7 17. Nxf7 Rf8 18. Nxd8 Kxd8 19. Qxe6 Re8 20. Qf5 Bd6 21. Rxe8+ Kxe8 22. Re1+ Kd8 23. Ne4 Nxe4 24. Qxe4 1-0

[Event "Tambov Region-ch FL"]
[Site "Tambov"]
[Date "2018.12.01"]
[Round "9"]
[White "Pishchalnikov, Roman A"]
[Black "Larionov, Sergey A"]
[Result "1-0"]
[WhiteElo "1866"]
[BlackElo "1572"]
[PlyCount "123"]
[EventDate "2018.11.14"]
[EventType "tourn"]
[EventRounds "9"]
[EventCountry "RUS"]
[SourceTitle "EXT 2021"]
[Source "ChessBase"]
[SourceDate "2020.10.23"]
[SourceVersion "1"]
[SourceVersionDate "2020.10.23"]
[SourceQuality "1"]

1. e4 c6 2. d4 d5 3. e5 Bf5 4. f4 e6 5. Nf3 Ne7 6. Bd3 Bxd3 7. Qxd3 Nf5 8. g4 Nh4 9. Nxh4 Qxh4+ 10. Qg3 Be7 11. Be3 Nd7 12. Nd2 Qxg3+ 13. hxg3 c5 14. c3 cxd4 15. Bxd4 b5 16. f5 a6 17. 0-0 Rc8 18. a4 b4 19. Nf3 bxc3 20. Bxc3 Nb6 21. Nd4 Kd7 22. fxe6+ fxe6 23. Rf7 g6 24. Bb4 Rce8 25. Rc1 Nc4 26. b3 Nxe5 27. Rxe7+ Rxe7 28. Bxe7 Kxe7 29. Rc7+ Kd6 30. Ra7 Kc5 31. Nxe6+ Kb4 32. Rb7+ Ka5 33. Nc5 Nc6 34. Nd3 h6 35. Rc7 Kb6 36. Rg7 g5 37. Rg6 Kc7 38. Nc5 a5 39. Ne6+ Kb7 40. Rg7+ Kb6 41. Rd7 Re8 42. Rd6 Re7 43. Nd8 Kc7 44. Rxc6+ Kxd8 45. Rxh6 Kd7 46. Ra6 Re1+ 47. Kf2 Rb1 48. Rxa5 Kd6 49. Rb5 Kc6 50. Ke3 Re1+ 51. Kd4 Re4+ 52. Kc3 Rxg4 53. Rb8 Rxg3+ 54. Kd4 Rg4+ 55. Ke5 Re4+ 56. Kf5 g4 57. a5 g3 58. a6 g2 59. a7 g1Q 60. a8Q+ Kc7 61. Rb7+ Kd6 62. Qa6+ 1-0

[Event "Tambov Region-ch"]
[Site "Tambov"]
[Date "2018.02.21"]
[Round "7"]
[White "Larionov, Sergey A"]
[Black "Tikhonov, Yuriy A"]
[Result "0-1"]
[WhiteElo "1627"]
[BlackElo "1718"]
[PlyCount "114"]
[EventDate "2018.02.21"]
[EventType "swiss"]
[EventRounds "9"]
[EventCountry "RUS"]
[SourceTitle "CBM 183 Extra"]
[Source "ChessBase"]
[SourceDate "2018.04.19"]
[SourceVersion "1"]
[SourceVersionDate "2018.04.19"]
[SourceQuality "1"]

1. d3 e5 2. g3 d5 3. Nf3 Bd6 4. Bg2 Nf6 5. Nc3 0-0 6. 0-0 c6 7. e4 d4 8. Ne2 c5 9. Bg5 h6 10. Bd2 Be6 11. Ne1 Qd7 12. f4 Bh3 13. f5 Bxg2 14. Nxg2 b5 15. h3 Nh7 16. Kh2 Be7 17. Ng1 Bg5 18. Nf3 Bxd2 19. Qxd2 Nc6 20. Rh1 f6 21. Raf1 Rfc8 22. Ngh4 Ne7 23. g4 Rc7 24. Kg2 Rac8 25. Kg3 c4 26. Ng2 cxd3 27. cxd3 Rc2 28. Qb4 a6 29. Qb3+ Kf8 30. Rf2 Rxf2 31. Kxf2 Qc6 32. Qd1 Qc2+ 33. Kg3 Qxb2 34. Qb1 Rc2 35. Qxb2 Rxb2 36. Ra1 a5 37. a3 Rb3 38. Nge1 Kf7 39. Nd2 Rb2 40. Ndf3 Nf8 41. Rc1 Rb3 42. Rc5 Nd7 43. Rc7 Ke8 44. Rb7 Nc5 45. Rb8+ Kd7 46. Nd2 Rc3 47. Ndf3 Nxd3 48. Nxd3 Rxd3 49. Rxb5 Rxa3 50. Rb6 a4 51. Ra6 Ra2 52. Ne1 Re2 53. Nd3 Re3+ 54. Kg2 Rxd3 55. Rxa4 Re3 56. Ra7+ Kd6 57. Ra6+ Nc6 0-1